U.S. State Capitals Map Quiz - Scramble - Statistics

General Stats
  • This quiz has been taken 22 times
  • The average score is 30 of 50
Answers on the Map
Answers color-coded by a green-red scale on the quiz's map according to % correct below.
 
Answer Stats
Answer % Correct
Aasnt Ef
89%
Bisoe
89%
Khloomaa Ctyi
89%
Lounlouh
89%
Ndeerv
89%
Abotn Ougre
83%
Bcimrksa
83%
Mesal
83%
Nosrac Ycit
83%
Ylapimo
83%
Eerrip
78%
Leneha
78%
Tasl Kela Ticy
78%
Uanits
78%
Uujnea
78%
Aomsatcenr
72%
Lettil Cork
72%
Ohnpexi
72%
Sde Isomen
72%
Aaltashlees
67%
Cnnillo
67%
Nfrspegildi
67%
Nstia Aplu
67%
Paotke
67%
Rffnoejse Ciyt
67%
Dsiamon
61%
Eecnehyn
61%
Ntatlaa
61%
Sonkajc
61%
Villenash
61%
Arrihurbg
56%
Gtmormonye
56%
Lnangsi
56%
Orfntrakf
56%
Nocordc
50%
Silinadioapn
50%
Vodre
44%
Banyla
39%
Boucsmlu
39%
Cendioprve
39%
Dforthra
39%
Oobnts
39%
Mondrich
33%
Rttneon
33%
Usaagtu
33%
Biacolmu
28%
Egharil
28%
Etpolrmine
28%
Shnrtelcoa
28%
Lponsniaa
22%
No matching quizzes found
Score Distribution
Percent of People with Each Score
Percentile by Number Answered
Your Score History
You have not taken this quiz